Formula One 2022 Drivers - Statistics

General Stats
  • This quiz has been taken 123 times
  • The average score is 19 of 20
Answer Stats
Hint Answer Nationality % Correct
Scuderia Ferrari Carlos Sainz Jr Spain
100%
Scuderia Ferrari Charles Leclerc Monaco
100%
Mercedes-AMG Lewis Hamilton United Kingdom
100%
Red Bull Racing Max Verstappen Netherlands
100%
Aston Martin Cognizant Lance Stroll Canada
99%
Aston Martin Cognizant Sebastian Vettel Germany
99%
Red Bull Racing Sergio Perez Mexico
99%
Mclaren Daniel Ricciardo Australia
98%
Mercedes-AMG George Russell United Kingdom
98%
McLaren Lando Norris United Kingdom
98%
Alfa Romeo Valtteri Bottas Finland
98%
Alpine Esteban Ocon France
97%
Alpine Fernando Alonso Spain
97%
Haas Mick Schumacher Germany
97%
AlphaTauri Pierre Gasly France
97%
AlphaTauri Yuki Tsunoda Japan
94%
Williams Alexander Albon Thailand
93%
Williams Nicholas Latifi Canada
92%
Alfa Romeo Guanyu Zhou China
91%
Haas Nikita Mazepin RAF (Russian Automobile Federation)
89%
No matching quizzes found
Score Distribution
Percent of People with Each Score
Percentile by Number Answered
Your Score History
You have not taken this quiz